Men of destiny / (Record no. 187120)
[ view plain ]
| 000 -LEADER | |
|---|---|
| fixed length control field | 00784 a2200169 4500 |
| 003 - CONTROL NUMBER IDENTIFIER | |
| control field | Nust |
| 005 - DATE AND TIME OF LATEST TRANSACTION | |
| control field | 20230130124238.0 |
| 040 ## - CATALOGING SOURCE | |
| Transcribing agency | Nust |
| 082 ## - DEWEY DECIMAL CLASSIFICATION NUMBER | |
| Classification number | 920,LIP |
| 100 ## - MAIN ENTRY--PERSONAL NAME | |
| Personal name | Lippmann, Walter |
| 9 (RLIN) | 108039 |
| 245 ## - TITLE STATEMENT | |
| Title | Men of destiny / |
| Statement of responsibility, etc. | Walter Lippmann and Robert Burke : Editor |
| 260 ## - PUBLICATION, DISTRIBUTION, ETC. | |
| Place of publication, distribution, etc. | London |
| Name of publisher, distributor, etc. | University of Washington Press |
| 300 ## - PHYSICAL DESCRIPTION | |
| Extent | 244:p |
| 505 ## - FORMATTED CONTENTS NOTE | |
| Formatted contents note | Al Smith (Page-1), Calvin Coolidge (Page-10), The Causes of Political Indifference Today (Page-18), The Catholicism of Al Smith (Page-35), H.L. Mencken (Page-61), Sinlair Lewis (Page-71), An Anticipation of Harding (Page-107), Wilson and House (Page-120), Borah (Page-140), The Outlawry of War (Page-162), Second best Statesmen (Page-223), To Justice Holmes (Page-242). |
| 650 ## - SUBJECT ADDED ENTRY--TOPICAL TERM | |
| Topical term or geographic name entry element | Biography |
| 9 (RLIN) | 461 |
| 942 ## - ADDED ENTRY ELEMENTS (KOHA) | |
| Source of classification or shelving scheme | |
| Koha item type | Book |
| Withdrawn status | Lost status | Source of classification or shelving scheme | Damaged status | Not for loan | Permanent Location | Current Location | Shelving location | Date acquired | Full call number | Barcode | Date last seen | Price effective from | Koha item type | Public note |
|---|---|---|---|---|---|---|---|---|---|---|---|---|---|---|
| Military College of Signals (MCS) | Military College of Signals (MCS) | General Stacks | 12/12/2016 | 920,LIP | MCS20837 | 12/08/2016 | 12/12/2016 | Book | Almirah No.59, Shelf No.3 | |||||
| Military College of Signals (MCS) | Military College of Signals (MCS) | General Stacks | 12/12/2016 | 920,LIP | MCS5195 | 12/08/2016 | 12/12/2016 | Book | Almirah No.59, Shelf No.3 |
